00542nam a2200205Ia 450000500170000000800410001702000180005804100120007608200160008810000170010424500480012125000120016926000470018130000150022865000250024365000160026865000200028465000130030470000190031720260429111937.0260429s9999||||xx |||||||||||||| ||und|| a9789359770154 aEnglish a796.07bCHA aChadha, N.K. 0aArt and science of coaching / cN.K. Chadha a1st ed. aNew Delhi : bThe Readers Paradise,c2025. a260 p.; hb a Athlete performance a Leadership a Sports science aCoaching a Gosain, Nupur